Taylor Swift - Chansons les plus streamés de TTPD - Statistiques

Statistiques générales
  • Ce quiz a été pris 20 fois
  • Le résultat moyen est 20 sur 31
Statistiques - réponses
Streams Chansons % Correct
3,4B Fortnight
100%
2,1B I Can Do It With a Broken Heart
90%
982M But Daddy I Love Him
70%
1,4B Down Bad
70%
849M Florida!!!
70%
643M Fresh Out the Slammer
70%
1,5B Guilty as Sin?
70%
891M loml
70%
234M Robin
70%
977M So High School
70%
1,096B So Long, London
70%
870M The Smallest Man Who Ever Lived
70%
867M The Tortured Poets Department
70%
1,1B Who's Afraid of Little Old Me?
70%
313M Cassandra
60%
404M Chloe or Sam or Sophia or Marcus
60%
447M Clara Bow
60%
548M How Did It End?
60%
474M I Can Fix Him (No Really I Can)
60%
435M I Hate It Here
60%
329M I Look in People's Windows
60%
637M Imgonnagetyouback
60%
1,038B My Boy Only Breaks His Favorite Toys
60%
421M Peter
60%
714M The Alchemy
60%
399M The Bolter
60%
266M The Manuscript
60%
672M The Prophecy
60%
348M thanK you AImee
50%
366M The Albatross
50%
540M The Black Dog
50%
Aucun quiz correspondant
Distribution des résultats
% des personnes avec chaque résultat
Percentile par nombre de réponses
Votre historique - résultats
Vous n’avez pas pris ce quiz